000 00636nam a2200217Ia 4500
005 20241129104245.0
008 241129s9999||||xx |||||||||||||| ||und||
020 _a9780520389421
037 _aTextual
040 _aRTL
_beng
_cRTL
041 _aeng
_2eng
084 _aY15:275 R2
_qRTL
100 _aLamb Sarah
_917906
245 0 _aBeing single in India: Stories of gender exclusion and possibility
_cLamb Sarah
260 _aNew York
_bUniversity California Press
_c2022
300 _axii 241p.
365 _aINR
_bRs.2921.47
650 _aSociology
942 _cTB
_hY15:275 R2
999 _c1225099
_d1225099